[Event "Steinfurt Bezirksliga 1516"]
[Site "Germany"]
[Date "2016.01.23"]
[Round "5.8"]
[White "Buelter, Heinz"]
[Black "Muhmann, Reinhard"]
[Result "1/2-1/2"]
[WhiteElo "1324"]
[BlackElo "1429"]
[PlyCount "36"]
[EventDate "2015.09.19"]
[EventType "team-tourn"]
[EventRounds "9"]
[EventCountry "GER"]
[SourceTitle "EXT 2017"]
[Source "ChessBase"]
[SourceDate "2016.10.25"]
[SourceVersion "1"]
[SourceVersionDate "2016.10.25"]
[SourceQuality "1"]
[WhiteTeam "Neuenkirchen II"]
[BlackTeam "Emsdetten Rochade IV"]
[WhiteTeamCountry "GER"]
[BlackTeamCountry "GER"]

1. d4 d5 2. c4 e6 3. Nf3 Nf6 4. Nc3 Be7 5. h3 0-0 6. c5 Nc6 7. Bf4 a6 8. a3 b5 9. Ne5 Nxe5 10. Bxe5 c6 11. e3 Nd7 12. Bg3 Bf6 13. f4 Bh4 14. Qf3 f5 15. Be2 Bxg3+ 16. Qxg3 Nf6 17. 0-0 Bd7 18. Bf3 Be8 1/2-1/2

[Event "Steinfurt Bezirksliga 1516"]
[Site "Germany"]
[Date "2015.11.07"]
[Round "2.8"]
[White "Buelter, Heinz"]
[Black "Stoecker, Ralph"]
[Result "0-1"]
[WhiteElo "1324"]
[BlackElo "2020"]
[PlyCount "66"]
[EventDate "2015.09.19"]
[EventType "team-tourn"]
[EventRounds "9"]
[EventCountry "GER"]
[SourceTitle "EXT 2017"]
[Source "ChessBase"]
[SourceDate "2016.10.25"]
[SourceVersion "1"]
[SourceVersionDate "2016.10.25"]
[SourceQuality "1"]
[WhiteTeam "Neuenkirchen II"]
[BlackTeam "Ibbenbueren"]
[WhiteTeamCountry "GER"]
[BlackTeamCountry "GER"]

1. d4 f5 2. c4 Nf6 3. Nc3 e6 4. Nf3 d5 5. c5 Be7 6. h3 Ne4 7. Nxe4 fxe4 8. Ne5 0-0 9. g3 Nd7 10. Nxd7 Bxd7 11. e3 c6 12. Bd2 Qc7 13. a4 Rf5 14. g4 Rf7 15. Ke2 Raf8 16. Be1 Bh4 17. f4 exf3+ 18. Kd2 f2 19. Be2 fxe1Q+ 20. Rxe1 Bxe1+ 21. Qxe1 Qa5+ 22. Kd3 Qxe1 23. Rxe1 b6 24. b4 Rb8 25. Kc3 a5 26. bxa5 bxa5 27. h4 Rb4 28. Bd1 Rf2 29. g5 Rg2 30. Rf1 Be8 31. Re1 Bg6 32. h5 Bc2 33. g6 Rb3# 0-1

[Event "Steinfurt Bezirksliga 1415"]
[Site "Germany"]
[Date "2015.01.31"]
[Round "6.7"]
[White "Buelter, Heinz"]
[Black "Schulz, Joachim"]
[Result "0-1"]
[WhiteElo "1338"]
[BlackElo "1937"]
[PlyCount "72"]
[EventDate "2014.09.06"]
[EventType "team-tourn"]
[EventRounds "9"]
[EventCountry "GER"]
[SourceTitle "EXT 2016"]
[Source "ChessBase"]
[SourceDate "2015.10.08"]
[SourceVersion "1"]
[SourceVersionDate "2015.10.08"]
[SourceQuality "1"]
[WhiteTeam "Neuenkirchen II"]
[BlackTeam "Steinfurt III"]
[WhiteTeamCountry "GER"]
[BlackTeamCountry "GER"]

1. d4 d5 2. Nf3 Nf6 3. Bg5 Ne4 4. Bf4 c5 5. e3 Bg4 6. Be2 e6 7. Nbd2 Nc6 8. 0-0 Be7 9. c3 0-0 10. Nxe4 dxe4 11. Nd2 Bxe2 12. Qxe2 cxd4 13. exd4 f5 14. f3 g5 15. Be5 Nxe5 16. dxe5 Bc5+ 17. Kh1 Qd3 18. Qxd3 exd3 19. Rad1 Rfd8 20. b4 Bf8 21. g3 a5 22. a3 axb4 23. axb4 Ra3 24. Nb1 Rb3 25. f4 gxf4 26. gxf4 Bh6 27. Kg2 Rb2+ 28. Kg3 Re2 29. Rf3 d2 30. Rff1 Kf7 31. Kf3 Rxh2 32. Ke3 Rd5 33. Rxd2 Rxe5+ 34. Kd4 Re4+ 35. Kc5 Rxd2 36. Nxd2 Rxf4 0-1

[Event "Steinfurt Bezirksliga 1314"]
[Site "Germany"]
[Date "2013.12.14"]
[Round "4.8"]
[White "Nieland, Helmut"]
[Black "Buelter, Heinz"]
[Result "1-0"]
[WhiteElo "1264"]
[BlackElo "1309"]
[PlyCount "60"]
[EventDate "2013.09.14"]
[EventType "team-tourn"]
[EventRounds "9"]
[EventCountry "GER"]
[SourceTitle "EXT 2015"]
[Source "ChessBase"]
[SourceDate "2014.11.20"]
[SourceVersion "1"]
[SourceVersionDate "2014.11.20"]
[SourceQuality "1"]
[WhiteTeam "Emsdetten Turm III"]
[BlackTeam "Neuenkirchen II"]
[WhiteTeamCountry "GER"]
[BlackTeamCountry "GER"]

1. d4 d5 2. c4 e6 3. Nc3 Nf6 4. Bg5 Be7 5. Nf3 a6 6. e3 h6 7. Bh4 b6 8. Ne5 0-0 9. Bd3 Nfd7 10. Bxe7 Qxe7 11. Nf3 Bb7 12. 0-0 Nf6 13. Rc1 Nc6 14. cxd5 exd5 15. Ne2 Nb4 16. a3 Nxd3 17. Qxd3 Rac8 18. Rc2 c5 19. Rfc1 c4 20. Qf5 b5 21. Nf4 Qe4 22. Qxe4 Nxe4 23. Nd2 g5 24. Ne2 Rfe8 25. Ng3 Kg7 26. Nf5+ Kg6 27. Nd6 Re7 28. Nxc8 Bxc8 29. b3 Be6 30. bxc4 bxc4 1-0

[Event "Steinfurt Bezirksliga 0910"]
[Site "Germany"]
[Date "2009.12.05"]
[Round "4.7"]
[White "Gutjahr, Vladimir"]
[Black "Buelter, Heinz"]
[Result "0-1"]
[WhiteElo "1353"]
[BlackElo "1330"]
[PlyCount "109"]
[EventDate "2009.09.12"]
[EventType "team-tourn"]
[EventRounds "9"]
[EventCountry "GER"]
[SourceTitle "EXT 2011"]
[Source "ChessBase"]
[SourceDate "2010.11.26"]
[SourceVersion "1"]
[SourceVersionDate "2010.11.26"]
[SourceQuality "1"]
[WhiteTeam "Steinfurt III"]
[BlackTeam "Neuenkirchen II"]
[WhiteTeamCountry "GER"]
[BlackTeamCountry "GER"]

1. d4 Nf6 2. Bf4 e6 3. Nf3 Nc6 4. e3 a6 5. Nbd2 d5 6. c3 Be7 7. Bd3 h6 8. h3 b5 9. Ne5 Bb7 10. Qc2 Na5 11. 0-0 Rc8 12. b4 Nc4 13. a4 Nxd2 14. Qxd2 c6 15. Qe2 h5 16. a5 Ne4 17. Qc2 g5 18. Bh2 f5 19. f3 Nf6 20. Rae1 Bd6 21. e4 dxe4 22. fxe4 f4 23. Ng6 e5 24. dxe5 Bxe5 25. Nxe5 0-0 26. Ng6 Rf7 27. Ne5 Rg7 28. Qa2+ Kf8 29. h4 Ng4 30. Nxg4 Qxd3 31. hxg5 hxg4 32. Rxf4+ Ke8 33. Qe6+ Re7 34. Qf6 g3 35. Bxg3 Qxg3 36. Qh8+ Kd7 37. Qd4+ Kc7 38. Ref1 Qxg5 39. Rf5 Qg8 40. e5 Qe6 41. Qc5 Rce8 42. Qd4 Rd7 43. Qc5 Qd5 44. Qb6+ Kb8 45. Qe3 Rde7 46. Re1 c5 47. Rg5 c4 48. Qf4 Rf7 49. Qg3 Ka8 50. Qg4 Rfe7 51. Qg3 Qd3 52. Re3 Qb1+ 53. Re1 Qh7 54. Re2 Rh8 55. e6 0-1

[Event "Neuenkirch SFN CC-ch"]
[Site "Neuenkirchen"]
[Date "2009.01.09"]
[Round "1"]
[White "Buelter, Heinz"]
[Black "Brito, Daniel"]
[Result "0-1"]
[WhiteElo "1323"]
[BlackElo "1788"]
[PlyCount "22"]
[EventDate "2009.01.09"]
[EventType "swiss"]
[EventRounds "5"]
[EventCountry "GER"]
[SourceTitle "EXT 2010"]
[Source "ChessBase"]
[SourceDate "2010.11.25"]
[SourceVersion "1"]
[SourceVersionDate "2010.11.25"]
[SourceQuality "1"]

1. d4 Nf6 2. Nf3 c5 3. d5 d6 4. c4 b5 5. Qc2 g6 6. e4 Bg7 7. cxb5 a6 8. Na3 0-0 9. Bg5 Nxe4 10. Qxe4 Bxb2 11. Qxe7 Re8 0-1